Physics Standard Units, Constants & Prefixes - Statistics

General Stats
  • This quiz has been taken 166 times
    25 since last reset
  • The average score is 31 of 64
Answer Stats
Hint Answer % Correct
K Kelvin
100%
k Kilo
100%
J Joule
96%
kg Kilogram
96%
mol Mole
96%
N Newton
96%
W Watt
96%
m Meter
92%
s Second
92%
°C Celsius
88%
Pa Pascal
88%
Ω Ohm
84%
V Volt
84%
° Degree
80%
A Ampere
76%
Hz Hertz
76%
m Milli
76%
rad Radian
76%
c Centi
72%
n Nano
72%
d Deci
68%
G Giga
68%
M Mega
68%
μ Micro
64%
C Coulomb
60%
p Pico
56%
T Tera
56%
cd Candela
52%
T Tesla
52%
h Hecto
48%
c Speed of Light
48%
Wb Weber
48%
G Gravitational Constant
44%
lm Lumen
44%
P Peta
40%
h Planck Constant
40%
Y Yotta
40%
F Farad
36%
lx Lux
36%
Z Zetta
36%
Bq Becquerel
32%
f Femto
32%
H Henry
28%
Gy Gray
24%
S Siemens
24%
a Atto
20%
k Boltzmann Constant
20%
kat Katal
20%
da Deka
16%
E Exa
16%
σ Stefan–Boltzmann Constant
16%
e Elementary charge
12%
ly Light Years
12%
Sv Sievert
12%
y Yocto
12%
NA Avogadro Constant
4%
Λ Cosmological Constant
4%
H0 Hubble's Constant
4%
q Quecto
4%
Q Quetta
4%
sr Steradians
4%
z Zepto
4%
R Ronna
0%
r Ronto
0%
No matching quizzes found
Score Distribution
Percent of People with Each Score
Percentile by Number Answered
Your Score History
You have not taken this quiz since the last reset